[Event "15th Unive op"]
[Site "Hoogeveen NED"]
[Date "2011.10.15"]
[Round "2.24"]
[White "Potze, Rudolf"]
[Black "Erwich, Frank"]
[Result "0-1"]
[WhiteElo "2126"]
[BlackElo "2365"]
[EventDate "2011.10.14"]
[PlyCount "54"]

1.e4 e5 2.Nf3 Nc6 3.Bb5 Nge7 4.O-O g6 5.c3 a6 6.Ba4 Bg7 7.d4 exd4 8.cxd4 
O-O 9.Nc3 b5 10.Bc2 b4 11.Ne2 d5 12.e5 Bg4 13.h3 Bxf3 14.gxf3 Qd7 15.Kh2 
Nd8 16.a3 bxa3 17.Rxa3 c5 18.f4 Ne6 19.dxc5 Nxc5 20.Be3 Rfc8 21.Nd4 Rab8 
22.b3 Nc6 23.Nxc6 Qxc6 24.Bd3 d4 25.Bxd4 Rd8 26.Bxc5 Qxc5 27.Ra2 Qd4 0-1

[Event "15th Unive op"]
[Site "Hoogeveen NED"]
[Date "2011.10.15"]
[Round "2.25"]
[White "Klein, David"]
[Black "Majhi, Ankit"]
[Result "1-0"]
[WhiteElo "2359"]
[BlackElo "1760"]
[EventDate "2011.10.14"]
[PlyCount "165"]

1.c4 Nf6 2.Nc3 g6 3.d4 Bg7 4.Nf3 O-O 5.g3 d6 6.Bg2 Nc6 7.O-O a6 8.h3 Bd7 
9.Bg5 Rb8 10.c5 dxc5 11.d5 Nd4 12.Nxd4 cxd4 13.Qxd4 h6 14.Bxf6 Bxf6 15.Qd2
Bg7 16.Rac1 c6 17.Rfd1 Qa5 18.dxc6 Bxc6 19.Nd5 Qxa2 20.Nxe7+ Kh7 21.b4 
Qxd2 22.Rxd2 Bxg2 23.Kxg2 Rfd8 24.Rxd8 Rxd8 25.Rc7 Bf8 26.Rxb7 Bxe7 27.
Rxe7 Kg7 28.Rb7 Ra8 29.g4 a5 30.bxa5 Rxa5 31.e3 g5 32.Kg3 Ra1 33.Rb5 Kg6 
34.Kg2 Ra2 35.h4 Ra4 36.h5+ Kg7 37.Kg3 Re4 38.Rb6 Re5 39.Rb4 Re6 40.Kf3 
Ra6 41.Rc4 Rb6 42.Ra4 Rb5 43.Kg3 Rb3 44.Re4 Ra3 45.Re8 Rb3 46.Kf3 Rb4 47.
Re4 Rb5 48.Rd4 Rb2 49.Rd3 Rb4 50.Ra3 Rb1 51.Kg2 Rb4 52.Kg3 Rb1 53.f4 Rg1+ 
54.Kf3 Rf1+ 55.Kg2 Rb1 56.fxg5 hxg5 57.Ra5 f6 58.Ra7+ Kg8 59.Kf3 Rb4 60.
Re7 Ra4 61.Rd7 Kf8 62.Rd4 Ra5 63.Rd8+ Kf7 64.Rd7+ Ke6 65.Rg7 Ra1 66.h6 Rh1
67.h7 f5 68.Rg6+ Kf7 69.gxf5 Rxh7 70.Rxg5 Rh4 71.Rg4 Rh8 72.Kf4 Rh1 73.e4 
Rf1+ 74.Ke5 Ra1 75.Rh4 Ra5+ 76.Kf4 Ra1 77.Rh7+ Kg8 78.Rb7 Re1 79.e5 Rf1+ 
80.Kg5 Rh1 81.Kg6 Kf8 82.f6 Rg1+ 83.Kf5 1-0

[Event "15th Unive op"]
[Site "Hoogeveen NED"]
[Date "2011.10.15"]
[Round "2.26"]
[White "Van Dorp, Folke"]
[Black "Slingerland, Fred"]
[Result "1/2-1/2"]
[WhiteElo "2050"]
[BlackElo "2379"]
[EventDate "2011.10.14"]
[PlyCount "45"]

1.d4 d5 2.Nf3 Nf6 3.c4 dxc4 4.e3 e6 5.Bxc4 c5 6.O-O a6 7.Bb3 Nc6 8.Nc3 Qc7
9.Qe2 Be7 10.dxc5 Bxc5 11.Bd2 O-O 12.Rac1 Rd8 13.Na4 Be7 14.e4 b5 15.Nc3 
Bb7 16.Rfd1 Ng4 17.Nd5 exd5 18.exd5 Bf6 19.dxc6 Bxc6 20.Ba5 Rxd1+ 21.Qxd1 
Qb7 22.Nd4 Bxd4 23.Qxd4 1/2-1/2

[Event "15th Unive op"]
[Site "Hoogeveen NED"]
[Date "2011.10.15"]
[Round "2.27"]
[White "Ernst, Sipke"]
[Black "Yamada, Kohei"]
[Result "1-0"]
[WhiteElo "2581"]
[BlackElo "2093"]
[EventDate "2011.10.14"]
[PlyCount "87"]

1.d4 e6 2.Nf3 Nf6 3.c4 b6 4.g3 Ba6 5.Qc2 Bb7 6.Bg2 c5 7.d5 exd5 8.cxd5 
Nxd5 9.O-O Be7 10.Rd1 Nc6 11.Qa4 Nf6 12.Nh4 O-O 13.Nf5 Re8 14.Nc3 a6 15.
Bg5 Rb8 16.Qh4 Nd4 17.Nxd4 cxd4 18.Qxd4 Bxg2 19.Kxg2 h6 20.Bf4 Rb7 21.Qd3 
b5 22.Qf3 Rb6 23.e4 b4 24.Nd5 Nxd5 25.Rxd5 Re6 26.Re1 Qa8 27.Qd3 Bf6 28.
Re2 g5 29.Bd2 a5 30.f3 Bxb2 31.Bxg5 Bg7 32.Bd2 Rb6 33.Rxd7 Qc6 34.Be3 Rb7 
35.Rd5 a4 36.Rc2 Qe6 37.Bd4 b3 38.axb3 axb3 39.Rb2 Bxd4 40.Qxd4 Rc8 41.Rd6
Qc4 42.Rd8+ Kh7 43.Qh8+ Kg6 44.Rxc8 1-0

[Event "15th Unive op"]
[Site "Hoogeveen NED"]
[Date "2011.10.15"]
[Round "2.28"]
[White "Ootes, Lars"]
[Black "Henseler, Jorgen"]
[Result "1-0"]
[WhiteElo "2340"]
[BlackElo "2073"]
[EventDate "2011.10.14"]
[PlyCount "75"]

1.e4 e5 2.Nf3 Nc6 3.Bb5 a6 4.Ba4 Nf6 5.O-O Be7 6.Re1 b5 7.Bb3 O-O 8.h3 Bb7
9.d3 d5 10.exd5 Nxd5 11.Nxe5 Nd4 12.Bd2 Bd6 13.Nc3 Nxb3 14.axb3 f6 15.Nf3 
Nxc3 16.Bxc3 Qd7 17.b4 Rfe8 18.Rxe8+ Rxe8 19.Nd2 Re7 20.Qg4 Qe8 21.Nf1 h5 
22.Qd1 Qg6 23.f3 Qg5 24.Qd2 Bf4 25.Qf2 h4 26.Bd2 Bxd2 27.Nxd2 Qe5 28.c3 
Kf7 29.Nb3 Qf4 30.Nc5 Bc8 31.Re1 Rxe1+ 32.Qxe1 g5 33.Qe4 Qd2 34.Qh7+ Kf8 
35.Qh8+ Kf7 36.Qxf6+ Ke8 37.Ne4 Qxd3 38.Qh8+ 1-0

[Event "15th Unive op"]
[Site "Hoogeveen NED"]
[Date "2011.10.15"]
[Round "2.29"]
[White "Lesman, Francis"]
[Black "Lambrechts, Koen"]
[Result "0-1"]
[WhiteElo "2074"]
[BlackElo "2233"]
[EventDate "2011.10.14"]
[PlyCount "46"]

1.d4 Na6 2.Nf3 g6 3.g3 Bg7 4.Bg2 Nf6 5.O-O O-O 6.b3 c5 7.Bb2 Rb8 8.Nbd2 d6
9.h3 Bd7 10.e4 cxd4 11.Bxd4 Nc5 12.Re1 Qc8 13.Kh2 e5 14.Bxc5 Qxc5 15.Nc4 
Rbd8 16.Qxd6 Qxf2 17.Rf1 Qxc2 18.Rfc1 Qf2 19.Rf1 Qxg3+ 20.Kxg3 Nxe4+ 21.
Kh2 Nxd6 22.Nxd6 Bc6 23.Nc4 Bxf3 0-1

[Event "15th Unive op"]
[Site "Hoogeveen NED"]
[Date "2011.10.15"]
[Round "2.30"]
[White "Vinke, Maarten"]
[Black "Grant, Jonathan"]
[Result "0-1"]
[WhiteElo "2032"]
[BlackElo "2209"]
[EventDate "2011.10.14"]
[PlyCount "86"]

1.e4 c6 2.d4 d5 3.f3 dxe4 4.fxe4 e5 5.Nf3 Bg4 6.Bc4 Nf6 7.Bxf7+ Kxf7 8.
Nxe5+ Ke8 9.Nxg4 Nxg4 10.Qxg4 Qxd4 11.Qc8+ Qd8 12.Qe6+ Qe7 13.Qg4 Nd7 14.
O-O Ne5 15.Qg3 Qe6 16.Bf4 Bc5+ 17.Kh1 Ng6 18.Nd2 Rf8 19.Nb3 Bb6 20.Bc7 Rf7
21.Bxb6 axb6 22.Nd4 Qxa2 23.Rad1 Kf8 24.Qd6+ Kg8 25.Ne6 Rxf1+ 26.Rxf1 Qc4 
27.Rd1 Re8 28.Ng5 Rf8 29.h3 Nf4 30.b3 Qxc2 31.Rd2 Qc5 32.Qxc5 bxc5 33.Rd7 
h6 34.Nf3 Rf7 35.Ne5 Rxd7 36.Nxd7 Nd3 37.Kg1 Kf7 38.Nb6 Nc1 39.Nc4 Ke6 40.
Na5 b6 41.Nc4 b5 42.Na5 Ke5 43.Nxc6+ Kxe4 0-1

[Event "15th Unive op"]
[Site "Hoogeveen NED"]
[Date "2011.10.15"]
[Round "2.31"]
[White "Law, Nicky"]
[Black "Baskin, Robert"]
[Result "1-0"]
[WhiteElo "2208"]
[BlackElo "2016"]
[EventDate "2011.10.14"]
[PlyCount "59"]

1.d4 Nf6 2.c4 g6 3.Nf3 Bg7 4.g3 O-O 5.Bg2 d6 6.Nc3 Nbd7 7.O-O e5 8.e3 c6 
9.b4 e4 10.Nd2 d5 11.b5 Re8 12.Qb3 Nf8 13.bxc6 bxc6 14.Ba3 h5 15.Rab1 h4 
16.Rfc1 h3 17.Bf1 Ne6 18.cxd5 cxd5 19.Bb5 Rb8 20.Qa4 Rxb5 21.Nxb5 Ng4 22.
Rxc8 Qxc8 23.Nd6 Qc3 24.Qxe8+ Kh7 25.Bb4 Qd3 26.Qb5 Qc2 27.Qxd5 Nf6 28.Qc4
Qa4 29.Nxf7 Nf8 30.Bxf8 1-0

[Event "15th Unive op"]
[Site "Hoogeveen NED"]
[Date "2011.10.15"]
[Round "2.32"]
[White "Mellema, Andries"]
[Black "Cox, Jan"]
[Result "1-0"]
[WhiteElo "2182"]
[BlackElo "2008"]
[EventDate "2011.10.14"]
[PlyCount "39"]

1.e4 e5 2.Nc3 Nf6 3.g3 d5 4.exd5 Nxd5 5.Bg2 Nxc3 6.bxc3 Nc6 7.Ne2 Bc5 8.
O-O O-O 9.Rb1 Bb6 10.d3 Qf6 11.h3 Be6 12.Rb2 Rad8 13.Be3 Qg6 14.Kh2 Rd6 
15.Qc1 Ne7 16.c4 Qh5 17.c5 Nd5 18.g4 Bxg4 19.Ng3 Qh4 20.Bg5 1-0

[Event "15th Unive op"]
[Site "Hoogeveen NED"]
[Date "2011.10.15"]
[Round "2.33"]
[White "Beerdsen, Thomas"]
[Black "Markus, John Raymond"]
[Result "0-1"]
[WhiteElo "2019"]
[BlackElo "2167"]
[EventDate "2011.10.14"]
[PlyCount "56"]

1.e4 e5 2.Nf3 Nc6 3.Bb5 a6 4.Ba4 Nf6 5.O-O Nxe4 6.d4 b5 7.Bb3 d5 8.dxe5 
Be6 9.Nbd2 Be7 10.c3 O-O 11.Bc2 f5 12.Nd4 Nxd4 13.cxd4 c5 14.Nxe4 fxe4 15.
f3 exf3 16.Rxf3 cxd4 17.Rg3 d3 18.Bxd3 Bc5+ 19.Kh1 Ra7 20.Bg5 Qb6 21.Qc2 
Rf2 22.Bxh7+ Kh8 23.Qd3 Raf7 24.Bg6 Rf8 25.Rh3+ Kg8 26.Bf7+ Kxf7 27.Rh7 
Bf5 28.Qxd5+ Kg6 0-1

[Event "15th Unive op"]
[Site "Hoogeveen NED"]
[Date "2011.10.15"]
[Round "2.34"]
[White "Fehr, Axel"]
[Black "Scharft, Johan"]
[Result "1/2-1/2"]
[WhiteElo "2163"]
[BlackElo "2005"]
[EventDate "2011.10.14"]
[PlyCount "36"]

1.c4 e5 2.g3 Nf6 3.Bg2 d5 4.cxd5 Nxd5 5.Nf3 Nc6 6.O-O Be7 7.d4 exd4 8.Nxd4
Nxd4 9.Qxd4 Nf6 10.Qa4+ c6 11.Nc3 O-O 12.Qc2 Qa5 13.Bf4 Be6 14.Rad1 Rad8 
15.b3 Rxd1 16.Rxd1 Rd8 17.Rxd8+ Qxd8 18.Qd2 Qxd2 1/2-1/2

[Event "15th Unive op"]
[Site "Hoogeveen NED"]
[Date "2011.10.15"]
[Round "2.35"]
[White "Mol, Christiaan"]
[Black "Go, Benjamin"]
[Result "0-1"]
[WhiteElo "2013"]
[BlackElo "2153"]
[EventDate "2011.10.14"]
[PlyCount "84"]

1.d4 d5 2.c4 c6 3.Nf3 Nf6 4.e3 Bg4 5.Nc3 e6 6.Qb3 Qb6 7.Bd2 Nbd7 8.Qxb6 
axb6 9.cxd5 exd5 10.Bd3 b5 11.Ne2 Ne4 12.Ng3 Nxd2 13.Nxd2 Bb4 14.f3 Be6 
15.Ke2 Nb6 16.a3 Bd6 17.f4 O-O 18.Nf3 f6 19.Nf5 Bxf5 20.Bxf5 Rfe8 21.Kf2 
Nc4 22.Rhe1 Nxb2 23.g4 g6 24.Bc2 Rxa3 25.Rxa3 Bxa3 26.h4 Bd6 27.f5 Kg7 28.
g5 Be7 29.fxg6 hxg6 30.gxf6+ Kxf6 31.Ne5 Nc4 32.Nxg6 Ra8 33.Nxe7 Kxe7 34.
Kf3 b4 35.Kf4 Ra2 36.Bf5 Kf6 37.e4 dxe4 38.Bxe4 Rd2 39.Rb1 Rxd4 40.Rxb4 b5
41.h5 Kg7 42.Rb1 Rxe4+ 0-1

[Event "15th Unive op"]
[Site "Hoogeveen NED"]
[Date "2011.10.15"]
[Round "2.36"]
[White "Middelveld, Martine"]
[Black "Maris, Ivo"]
[Result "1-0"]
[WhiteElo "2143"]
[BlackElo "1998"]
[EventDate "2011.10.14"]
[PlyCount "83"]

1.d4 Nf6 2.c4 g6 3.f3 Nc6 4.d5 Ne5 5.e4 d6 6.Nc3 Bg7 7.f4 Ned7 8.Nh3 O-O 
9.Nf2 c6 10.Be2 a6 11.a4 a5 12.O-O Qb6 13.Kh1 Nc5 14.Ra3 Bd7 15.Bf3 Qb4 
16.e5 Ne8 17.Qe2 Nb3 18.Be3 c5 19.e6 fxe6 20.dxe6 Bc6 21.Nd5 Bxd5 22.Bxd5 
Nd4 23.Bxd4 Bxd4 24.Nd3 Qb6 25.Qd1 Rb8 26.Rb3 Qc7 27.Ne1 Bf6 28.f5 Kg7 29.
fxg6 hxg6 30.Rg3 Rh8 31.Qd3 Rh6 32.Be4 d5 33.Rxg6+ Rxg6 34.Bxg6 dxc4 35.
Qc2 Nd6 36.Bh5 Rh8 37.Qg6+ Kf8 38.Nf3 Rg8 39.Qh6+ Rg7 40.Ne5 Kg8 41.Ng6 
Rxg6 42.Bxg6 1-0

[Event "15th Unive op"]
[Site "Hoogeveen NED"]
[Date "2011.10.15"]
[Round "2.37"]
[White "Lee, Kai Jie Edward"]
[Black "Knol, Geon"]
[Result "0-1"]
[WhiteElo "2008"]
[BlackElo "2137"]
[EventDate "2011.10.14"]
[PlyCount "98"]

1.e4 c6 2.d4 g6 3.c4 Bg7 4.Nc3 d6 5.h3 Na6 6.Nf3 Nc7 7.Be3 Nf6 8.Qd2 O-O 
9.Be2 Re8 10.g4 Nd7 11.h4 b5 12.g5 bxc4 13.h5 d5 14.hxg6 fxg6 15.e5 Nf8 
16.Nh4 Nb5 17.f4 Nxc3 18.Qxc3 Rb8 19.f5 Bxf5 20.Nxf5 gxf5 21.Bh5 Ng6 22.
Bxg6 hxg6 23.O-O-O e6 24.Rh2 Kf7 25.Rdh1 Qe7 26.Qa5 Rh8 27.Rxh8 Bxh8 28.
Qa4 Qb7 29.Qa3 Bg7 30.Rh2 Qe7 31.Qxe7+ Kxe7 32.Kc2 Rh8 33.Rxh8 Bxh8 34.Kc3
Kd7 35.Kb4 Kc7 36.Bd2 Bg7 37.Be3 Bf8+ 38.Ka5 Kb7 39.a3 Be7 40.Ka4 Kb6 41.
b4 cxb3 42.Kxb3 c5 43.dxc5+ Bxc5 44.Bf4 Bf2 45.Kb4 Be1+ 46.Kb3 Kc5 47.Kc2 
Kd4 48.Kd1 Ke4 49.Bh2 Bc3 0-1

[Event "15th Unive op"]
[Site "Hoogeveen NED"]
[Date "2011.10.15"]
[Round "2.38"]
[White "Hendriks, Richard V"]
[Black "Maatman, Nick"]
[Result "0-1"]
[WhiteElo "2136"]
[BlackElo "1980"]
[EventDate "2011.10.14"]
[PlyCount "80"]

1.c4 Nf6 2.Nc3 d5 3.cxd5 Nxd5 4.d4 g6 5.e3 Bg7 6.Bc4 Nb6 7.Bb3 O-O 8.a4 a5
9.h4 c5 10.dxc5 Qxd1+ 11.Kxd1 N6d7 12.Ke2 Nxc5 13.Bc4 Nc6 14.f4 Bf5 15.Nh3
e5 16.g3 exf4 17.gxf4 Rad8 18.Nf2 Rfe8 19.Kf3 h5 20.Ra3 Bc2 21.Rg1 Kf8 22.
Rg5 Bf5 23.Bb5 Bf6 24.Bxc6 bxc6 25.Ne2 Bxg5 26.fxg5 Ne4 27.Nd4 Nxf2 28.
Kxf2 Re4 29.Bd2 Rd5 30.Nf3 Bg4 31.Nd4 c5 32.Nb3 Bd1 33.Bc3 Rxh4 34.Nxa5 
Rxa4 35.Rxa4 Bxa4 36.Bf6 Bb5 37.Kf3 Ke8 38.Ke4 Rf5 39.Nb3 h4 40.Nd2 h3 0-1

[Event "15th Unive op"]
[Site "Hoogeveen NED"]
[Date "2011.10.15"]
[Round "2.39"]
[White "Hummel, Joop"]
[Black "Van der Veen, Jan"]
[Result "1/2-1/2"]
[WhiteElo "2004"]
[BlackElo "2115"]
[EventDate "2011.10.14"]
[PlyCount "51"]

1.d4 Nf6 2.c4 d6 3.Nf3 g6 4.g3 Bg7 5.Bg2 O-O 6.h3 Nc6 7.O-O Rb8 8.Nc3 a6 
9.e4 b5 10.cxb5 axb5 11.e5 dxe5 12.dxe5 Qxd1 13.Rxd1 Nd7 14.e6 fxe6 15.Ng5
Nd4 16.Be3 c5 17.a4 h6 18.Nge4 Nc2 19.Rac1 Nxe3 20.fxe3 bxa4 21.Nxa4 Rb4 
22.Naxc5 Nxc5 23.Nxc5 Bxb2 24.Nd3 Rb3 25.Nf4 Kf7 26.Rf1 1/2-1/2

[Event "15th Unive op"]
[Site "Hoogeveen NED"]
[Date "2011.10.15"]
[Round "2.40"]
[White "Broeken, Harry"]
[Black "Arp, Frans"]
[Result "0-1"]
[WhiteElo "1992"]
[BlackElo "2107"]
[EventDate "2011.10.14"]
[PlyCount "114"]

1.e4 e5 2.Nf3 Nc6 3.Bb5 a6 4.Ba4 Nf6 5.O-O Be7 6.Re1 b5 7.Bb3 O-O 8.a4 b4 
9.d3 d6 10.Nbd2 Na5 11.Ba2 c5 12.Nf1 Nc6 13.Ne3 Be6 14.c3 Bxa2 15.Rxa2 g6 
16.Bd2 a5 17.Nc4 Nh5 18.Bh6 Re8 19.Qd2 Bf8 20.Bg5 f6 21.Be3 Qc7 22.Qd1 Ne7
23.Bc1 d5 24.Ne3 Rad8 25.Qb3 Nf4 26.cxb4 axb4 27.g3 Nxd3 28.Qxd3 c4 29.Qe2
dxe4 30.Nh4 Rd4 31.a5 f5 32.Neg2 Nd5 33.Be3 Rd3 34.Rc1 c3 35.Ne1 Qc4 36.
bxc3 Nxc3 37.Qb2 Qxa2 38.Nxd3 exd3 39.Qxa2+ Nxa2 40.Rb1 Nc3 41.Rb3 f4 42.
Bd2 e4 43.gxf4 Bc5 44.Ng2 Ra8 45.Ne3 Rxa5 46.Nc4 Ra1+ 47.Kg2 Ra2 48.Be3 
Bxe3 49.Nxe3 d2 50.Rxb4 d1=Q 51.Nxd1 Nxd1 52.Rxe4 Nxf2 53.Re7 Ng4+ 54.Kg3 
Nxh2 55.Rb7 Nf1+ 56.Kg4 Ne3+ 57.Kg5 Ra5+ 0-1

[Event "15th Unive op"]
[Site "Hoogeveen NED"]
[Date "2011.10.15"]
[Round "2.41"]
[White "Poelstra, Ben"]
[Black "Gieben, Stijn"]
[Result "0-1"]
[WhiteElo "2102"]
[BlackElo "1940"]
[EventDate "2011.10.14"]
[PlyCount "56"]

1.e4 c5 2.c3 Nf6 3.e5 Nd5 4.d4 cxd4 5.cxd4 d6 6.Nf3 Nc6 7.exd6 Qxd6 8.Nc3 
Nxc3 9.bxc3 g6 10.Bc4 Bg7 11.O-O O-O 12.a4 Bg4 13.h3 Bxf3 14.Qxf3 Nxd4 15.
Qxb7 Nc6 16.Ba3 Rab8 17.Qa6 Qc7 18.Bd5 Ne5 19.Rab1 Bf6 20.c4 Nd3 21.Rb5 
Bd4 22.Rxb8 Rxb8 23.c5 Nxf2 24.Bxf7+ Kg7 25.Qc4 Qf4 26.Rc1 Nxh3+ 27.Kh1 
Nf2+ 28.Kg1 Ng4+ 0-1

[Event "15th Unive op"]
[Site "Hoogeveen NED"]
[Date "2011.10.15"]
[Round "2.42"]
[White "Stavast, Dick"]
[Black "Van Foreest, Lucas"]
[Result "1-0"]
[WhiteElo "2097"]
[BlackElo "1918"]
[EventDate "2011.10.14"]
[PlyCount "49"]

1.d4 d5 2.c4 e6 3.Nc3 c6 4.e4 Bb4 5.Bd3 c5 6.cxd5 exd5 7.Ne2 dxe4 8.Bxe4 
Nf6 9.Bg5 Bxc3+ 10.bxc3 cxd4 11.O-O dxc3 12.Qc2 h6 13.Rad1 Nbd7 14.Bxf6 
Qxf6 15.Nxc3 O-O 16.Nd5 Qg5 17.f4 Qh4 18.g3 Qh5 19.Ne7+ Kh8 20.Rd5 g5 21.
Qb2+ f6 22.fxg5 hxg5 23.Nxc8 Ne5 24.Rxe5 Raxc8 25.Ref5 1-0

[Event "15th Unive op"]
[Site "Hoogeveen NED"]
[Date "2011.10.16"]
[Round "3.1"]
[White "Van Eijk, Sander"]
[Black "Tiviakov, Sergei"]
[Result "0-1"]
[WhiteElo "2372"]
[BlackElo "2647"]
[EventDate "2011.10.14"]
[PlyCount "68"]

1.e4 d5 2.exd5 Qxd5 3.Nc3 Qd6 4.d4 Nf6 5.Nf3 g6 6.Nb5 Qd8 7.c4 Bg7 8.Bf4 
Na6 9.Be2 O-O 10.O-O Ne4 11.Rc1 c6 12.Nc3 Nxc3 13.bxc3 Bf5 14.Qb3 Qc8 15.
c5 Be6 16.c4 Bg4 17.Rb1 Bxf3 18.Bxf3 Bxd4 19.Qxb7 Qxb7 20.Rxb7 e5 21.Be3 
Nxc5 22.Rc7 Bxe3 23.fxe3 e4 24.Rxc6 Rac8 25.Rxc8 Rxc8 26.Bg4 Rb8 27.Rd1 
Rb2 28.Rd8+ Kg7 29.Rc8 Rb1+ 30.Kf2 Nd3+ 31.Ke2 f5 32.Bh3 Rb2+ 33.Kf1 Rf2+ 
34.Kg1 Rxa2 0-1

[Event "15th Unive op"]
[Site "Hoogeveen NED"]
[Date "2011.10.16"]
[Round "3.2"]
[White "Baklan, Vladimir"]
[Black "Willemze, Thomas"]
[Result "1-0"]
[WhiteElo "2617"]
[BlackElo "2370"]
[EventDate "2011.10.14"]
[PlyCount "51"]

1.e4 c6 2.d4 d5 3.e5 c5 4.Nf3 Bg4 5.dxc5 Nc6 6.c3 e6 7.b4 Nge7 8.Nbd2 g6 
9.h3 Bxf3 10.Nxf3 Bg7 11.Bf4 Qc7 12.Bb5 O-O 13.O-O a5 14.a3 Rfd8 15.Bxc6 
Nxc6 16.Re1 h6 17.h4 d4 18.cxd4 axb4 19.axb4 Rxa1 20.Qxa1 Nxb4 21.Rb1 Nd5 
22.Bd2 Qc6 23.Rb3 Rd7 24.Qa8+ Kh7 25.Ng5+ hxg5 26.hxg5 1-0

[Event "15th Unive op"]
[Site "Hoogeveen NED"]
[Date "2011.10.16"]
[Round "3.3"]
[White "Zherebukh, Yaroslav"]
[Black "Klein, David"]
[Result "1-0"]
[WhiteElo "2580"]
[BlackElo "2359"]
[EventDate "2011.10.14"]
[PlyCount "57"]

1.e4 c5 2.Nf3 d6 3.d4 cxd4 4.Nxd4 Nf6 5.Nc3 a6 6.f3 Qb6 7.g4 Nc6 8.Nb3 e6 
9.Qe2 Qc7 10.Be3 Nd7 11.O-O-O b5 12.Kb1 Nce5 13.f4 Nc4 14.Bd4 Bb7 15.Bg2 
e5 16.Nd5 Bxd5 17.exd5 Be7 18.fxe5 Ndxe5 19.Nd2 Nxd2+ 20.Rxd2 Nc4 21.Rdd1 
O-O 22.Be4 Rfe8 23.Qd3 g6 24.h4 Bf8 25.h5 Ne5 26.hxg6 fxg6 27.Qh3 Qg7 28.
g5 Qh8 29.Bxg6 1-0

[Event "15th Unive op"]
[Site "Hoogeveen NED"]
[Date "2011.10.16"]
[Round "3.4"]
[White "Erwich, Frank"]
[Black "Lenderman, Aleksandr"]
[Result "0-1"]
[WhiteElo "2365"]
[BlackElo "2562"]
[EventDate "2011.10.14"]
[PlyCount "126"]

1.c4 e5 2.g3 Nf6 3.Bg2 c6 4.d4 exd4 5.Qxd4 d5 6.Nf3 Be6 7.cxd5 cxd5 8.O-O 
Nc6 9.Qa4 Qb6 10.Nc3 Bc5 11.Ne5 O-O 12.Nd3 Bd4 13.Bg5 Bxc3 14.bxc3 Ne4 15.
Rfb1 Qa5 16.Qxa5 Nxa5 17.Bxe4 dxe4 18.Nc5 Bd5 19.Rb5 b6 20.Nd7 Bc6 21.Rxa5
Bxd7 22.Rd5 Bg4 23.Rd4 f6 24.Be3 Rfe8 25.Kf1 Rac8 26.c4 Be6 27.Rc1 Rc7 28.
Ke1 f5 29.g4 g6 30.Kd2 Rec8 31.gxf5 gxf5 32.Rg1+ Kf7 33.Bh6 Bxc4 34.Rg7+ 
Ke6 35.Rxc7 Rxc7 36.Bf4 Rc6 37.Rd8 Bxa2 38.Rh8 Bb3 39.Rxh7 Rc2+ 40.Ke3 a5 
41.Rc7 Bc4 42.Kd4 b5 43.h4 Rxe2 44.h5 Rxf2 45.Be3 Rh2 46.h6 Kf6 47.Rg7 Bf7
48.Kc5 Rh3 49.Bg5+ Ke6 50.Kxb5 e3 51.h7 e2 52.Bd2 f4 53.Kxa5 f3 54.Be1 Rh1
55.Kb4 Kf6 56.Rg3 Bd5 57.Kc5 Bb7 58.Kb6 Be4 59.Bf2 Rxh7 60.Kc5 Rd7 61.Rg1 
Rd1 62.Re1 Kf5 63.Kc4 Kg4 0-1

[Event "15th Unive op"]
[Site "Hoogeveen NED"]
[Date "2011.10.16"]
[Round "3.5"]
[White "Svane, Rasmus"]
[Black "Haslinger, Stewart"]
[Result "1/2-1/2"]
[WhiteElo "2351"]
[BlackElo "2542"]
[EventDate "2011.10.14"]
[PlyCount "42"]

1.d4 d6 2.Nf3 Bg4 3.g3 Bxf3 4.exf3 d5 5.Bd3 e6 6.c3 c5 7.dxc5 Bxc5 8.f4 
Nf6 9.Nd2 Nc6 10.O-O O-O 11.Qe2 a6 12.Nb3 Bb6 13.Be3 Re8 14.Rfe1 Rc8 15.
Rad1 e5 16.fxe5 Rxe5 17.Qd2 Ng4 18.Bxb6 Qxb6 19.Qf4 Rce8 20.Rxe5 Ncxe5 21.
Kg2 Nxd3 1/2-1/2

[Event "15th Unive op"]
[Site "Hoogeveen NED"]
[Date "2011.10.16"]
[Round "3.6"]
[White "Hovenga, Alje"]
[Black "Van Assendelft, Floris"]
[Result "0-1"]
[WhiteElo "2234"]
[BlackElo "2376"]
[EventDate "2011.10.14"]
[PlyCount "162"]

1.d4 Nf6 2.c4 g6 3.Nc3 Bg7 4.e4 O-O 5.Nf3 c6 6.Bd3 d6 7.h3 a6 8.a4 a5 9.
Be3 e5 10.Qd2 Na6 11.Rd1 exd4 12.Nxd4 Nc5 13.O-O Re8 14.Qc2 Nxd3 15.Qxd3 
Nd7 16.Nf3 Bf8 17.Rfe1 Qc7 18.b3 b6 19.Nd4 Nc5 20.Qc2 Bd7 21.Bc1 Bg7 22.
Bf4 Rad8 23.Bg5 Rb8 24.Bh4 Be5 25.Nf3 Bxc3 26.Qxc3 Nxe4 27.Rxe4 Rxe4 28.
Bf6 Rbe8 29.Ng5 R4e5 30.Qg3 Rf5 31.Ba1 f6 32.Qc3 Bc8 33.Nf3 Qe7 34.g4 Re5 
35.Nxe5 dxe5 36.Qd2 g5 37.Qd6 Bb7 38.c5 bxc5 39.Bb2 Qxd6 40.Rxd6 Kf7 41.
Ba3 Bc8 42.Rxc6 Be6 43.Rxc5 Bxb3 44.Rxa5 Rd8 45.Kh2 Rd2 46.Ra7+ Kg6 47.Bf8
Bf7 48.Kg3 Rd3+ 49.Kh2 Rd8 50.Be7 Rd2 51.Kg3 Rd3+ 52.Kh2 Rf3 53.Bc5 Rc3 
54.Be3 Rd3 55.a5 Rd1 56.Rc7 Ra1 57.Rc5 h5 58.Kg3 hxg4 59.hxg4 Rg1+ 60.Kh3 
Be6 61.f3 Ra1 62.Kg3 Ra3 63.Kf2 Ra2+ 64.Kg3 Bd7 65.Rc7 Bb5 66.Rc3 Bf1 67.
Bf2 Rxa5 68.Re3 Kf7 69.Re1 Bc4 70.Re3 Ke6 71.Rc3 Bd5 72.Bb6 Ra1 73.Bc5 Ra4
74.Ra3 Rc4 75.Be3 Kf7 76.Rd3 Bc6 77.Ra3 Kg6 78.Rb3 Bd5 79.Rd3 Bxf3 80.Bd4 
exd4 81.Kxf3 Rc3 0-1

[Event "15th Unive op"]
[Site "Hoogeveen NED"]
[Date "2011.10.16"]
[Round "3.7"]
[White "Nyzhnyk, Illya"]
[Black "Popilski, Gil"]
[Result "1-0"]
[WhiteElo "2561"]
[BlackElo "2381"]
[EventDate "2011.10.14"]
[PlyCount "131"]

1.d4 Nf6 2.c4 g6 3.Nf3 Bg7 4.g3 d5 5.cxd5 Nxd5 6.Bg2 Nb6 7.Nc3 Nc6 8.e3 
O-O 9.O-O Re8 10.Re1 a5 11.Qe2 Bg4 12.h3 Be6 13.b3 a4 14.Rb1 axb3 15.axb3 
Qc8 16.Kh2 Rd8 17.Rd1 h6 18.Nb5 Na5 19.Qc2 c6 20.Na3 c5 21.dxc5 Rxd1 22.
Qxd1 Nd5 23.Bd2 Nc3 24.Bxc3 Bxc3 25.Nd4 Bf5 26.Nac2 Nc6 27.Nxc6 bxc6 28.e4
Be6 29.Qd3 Bg7 30.Qe3 Qd7 31.e5 Bf5 32.Rc1 Bxc2 33.Rxc2 Rb8 34.f4 g5 35.e6
Qxe6 36.Qxe6 fxe6 37.Bxc6 Rxb3 38.Bd7 Rc3 39.Bxe6+ Kh8 40.Rxc3 Bxc3 41.c6 
Ba5 42.fxg5 hxg5 43.Kg2 Kg7 44.Kf3 Kf6 45.Bg8 e6 46.Kg4 Bd8 47.Bh7 Kg7 48.
Bc2 Kf7 49.Kh5 Kg7 50.g4 Kf6 51.Bd3 Kg7 52.Be2 Kh7 53.Bc4 Kg7 54.Bd3 Kf6 
55.Kh6 Bc7 56.h4 Bf4 57.h5 Kf7 58.Kh7 Be5 59.h6 Bc7 60.Bc4 Bb6 61.Bxe6+ 
Kxe6 62.Kg8 Kd6 63.h7 Bd4 64.h8=Q Bxh8 65.Kxh8 Kxc6 66.Kg7 1-0

[Event "15th Unive op"]
[Site "Hoogeveen NED"]
[Date "2011.10.16"]
[Round "3.8"]
[White "Van Kampen, Robin"]
[Black "Bezemer, Arno J"]
[Result "1-0"]
[WhiteElo "2529"]
[BlackElo "2351"]
[EventDate "2011.10.14"]
[PlyCount "71"]

1.e4 c5 2.Nf3 Nc6 3.d4 cxd4 4.Nxd4 Qb6 5.Nb3 Nf6 6.Nc3 e6 7.Qe2 Bb4 8.Bd2 
O-O 9.O-O-O d5 10.e5 Ne8 11.f4 f6 12.a3 Be7 13.g3 fxe5 14.fxe5 Qf2 15.Bh3 
Qxe2 16.Nxe2 Nxe5 17.Ned4 Nc7 18.Bf4 Bd6 19.Rhe1 Nc4 20.Bxd6 Nxd6 21.Nxe6 
Nxe6 22.Bxe6+ Bxe6 23.Rxe6 Nc4 24.Re7 Rac8 25.Kb1 Rf2 26.Rxd5 Rxh2 27.Rdd7
Nb6 28.Rxb7 Rhxc2 29.Rxg7+ Kf8 30.Rxh7 Kg8 31.Rbg7+ Kf8 32.Rxa7 Kg8 33.
Rag7+ Kf8 34.Nd4 Rc1+ 35.Ka2 Re1 36.Nf5 1-0

[Event "15th Unive op"]
[Site "Hoogeveen NED"]
[Date "2011.10.16"]
[Round "3.9"]
[White "De Jong, Migchiel"]
[Black "Brandenburg, Daan"]
[Result "1/2-1/2"]
[WhiteElo "2370"]
[BlackElo "2522"]
[EventDate "2011.10.14"]
[PlyCount "37"]

1.d4 Nf6 2.Nf3 c5 3.d5 b5 4.Bg5 Ne4 5.Bh4 Qa5+ 6.c3 b4 7.Qc2 bxc3 8.Nxc3 
Nxc3 9.Qxc3 Qxc3+ 10.bxc3 e6 11.e4 Be7 12.Bg3 exd5 13.exd5 d6 14.Bb5+ Bd7 
15.Rb1 Kd8 16.Bd3 Ba4 17.Nd2 Nd7 18.Nc4 Kc7 19.Nb2 1/2-1/2

[Event "15th Unive op"]
[Site "Hoogeveen NED"]
[Date "2011.10.16"]
[Round "3.10"]
[White "Grover, Sahaj"]
[Black "Schoorl, Rob"]
[Result "1-0"]
[WhiteElo "2514"]
[BlackElo "2276"]
[EventDate "2011.10.14"]
[PlyCount "57"]

1.e4 e5 2.Nf3 Nc6 3.Bb5 a6 4.Ba4 Nf6 5.Qe2 b5 6.Bb3 Be7 7.c3 O-O 8.O-O d5 
9.d3 Re8 10.Nbd2 Bf8 11.a3 Na5 12.Ba2 c5 13.b4 Nc6 14.exd5 Nxd5 15.Ne4 
cxb4 16.Nfg5 Ra7 17.Qf3 Be6 18.Nxe6 fxe6 19.Ng5 Qd7 20.Nxe6 Nce7 21.Nc5 
Qc6 22.axb4 Kh8 23.Bd2 Nf6 24.Qxc6 Nxc6 25.Be3 a5 26.Ne6 Rd7 27.bxa5 Nxa5 
28.Nxf8 Rxf8 29.Be6 1-0

[Event "15th Unive op"]
[Site "Hoogeveen NED"]
[Date "2011.10.16"]
[Round "3.11"]
[White "Beukema, Stefan"]
[Black "Van der Wiel, John"]
[Result "0-1"]
[WhiteElo "2259"]
[BlackElo "2459"]
[EventDate "2011.10.14"]
[PlyCount "98"]

1.e4 c5 2.Nf3 d6 3.d4 Nf6 4.Nc3 cxd4 5.Nxd4 a6 6.Be3 e5 7.Nb3 Be6 8.f4 
exf4 9.Bxf4 Nc6 10.Qe2 Be7 11.h3 Nd7 12.O-O-O Nce5 13.Nd4 Rc8 14.Qd2 Qa5 
15.Nf5 Bxf5 16.exf5 Rxc3 17.Qxc3 Qxa2 18.Qa3 Qxa3 19.bxa3 Kd8 20.g4 h6 21.
Bg2 Kc7 22.Kb1 Bg5 23.Bg3 Be3 24.Bd5 f6 25.Ka2 Nb6 26.Be6 Na4 27.Be1 h5 
28.Bb4 Bc5 29.Kb3 b5 30.c4 Nc6 31.cxb5 axb5 32.Bxc5 Nxc5+ 33.Kb2 Ne5 34.
gxh5 Ned3+ 35.Kc2 Nf2 36.Rhg1 Nxd1 37.Rxg7+ Kc6 38.Kxd1 Rxh5 39.Rf7 Rxh3 
40.Rxf6 Rxa3 41.Bf7 b4 42.Be8+ Kd5 43.Rf8 b3 44.Bf7+ Kd4 45.Rb8 Ke3 46.
Bxb3 Rxb3 47.Rh8 Ke4 48.f6 Rf3 49.Re8+ Kd3 0-1